000 00465nam a22001217a 4500
082 _a001
_bHEL/W
100 _aHELLER,ROBERT, Et al
245 _aTHE WINNER'S MANUAL: ESSENTIAL LIFE AND WORK SKILLS: EFFECTIVE LEADERSHIP, MANAGING PEOPLE, MANAGING CHANGE
_bTHE WINNER'S MANUAL: ESSENTIAL LIFE AND WORK SKILLS: EFFECTIVE LEADERSHIP, MANAGING PEOPLE, MANAGING CHANGE
260 _aLONDON
_bDK
_c2008
300 _a72
650 _aPERSONALITY DEVELOPMENT
_zUK
942 _cBK
999 _c1879
_d1879